000
00302cam a22001097a 4500
008
180718b1953 xxu||||| |||| 00| 0 eng d
082
_a
A72x5413
100
_a
Lal, R.B.
245
_a
Bodh Gaya: past and present
_c
by R.B. Lal
260
_a
Patna
_b
The Department of Public Relations
_c
1953
300
_a
15p.
999
_c
487467
_d
487467